Gaming Quiz

Random Gaming or Pokémon Quiz
Score 0/66 Timer 10:00
0 Plays Today
% Correct
brock
84%
lt. surge
83%
misty
80.2%
sabrina
80.2%
brock
78.3%
misty
78.3%
sabrina
78.3%
rival
78.3%
blaine
77.4%
lorelei
77.4%
rival
77.4%
lorelei
76.4%
lorelei
76.4%
rival
76.4%
rival
76.4%
erika
75.5%
blaine
75.5%
bruno
75.5%
bruno
75.5%
agatha
75.5%
lance
75.5%
lt. surge
74.5%
giovanni
74.5%
giovanni
74.5%
giovanni
74.5%
lorelei
74.5%
bruno
74.5%
lance
74.5%
rival
74.5%
erika
73.6%
koga
73.6%
koga
73.6%
blaine
73.6%
% Correct
lorelei
73.6%
bruno
73.6%
agatha
73.6%
lance
73.6%
lt. surge
72.6%
sabrina
72.6%
blaine
72.6%
giovanni
72.6%
erika
71.7%
koga
71.7%
blaine
71.7%
rival
71.7%
erika
70.8%
sabrina
70.8%
agatha
70.8%
koga
69.8%
lance
69.8%
rival
68.9%
giovanni
68.9%
giovanni
68.9%
erika
67.9%
rival
67.9%
koga
67%
agatha
67%
sabrina
65.1%
rival
65.1%
rival
64.2%
rival
64.2%
rival
64.2%
rival
63.2%
rival
60.4%
rival
60.4%
rival
60.4%

You're not logged in!

Compare scores with friends on all Sporcle quizzes.
OR
Log In

Sporcle TV

Today on Sporcle TV


Watch our educational content, quiz creation guides, and fun videos on Sporcle TV.

Show Comments

Extras

Top Quizzes Today


Score Distribution

Paid Content

Your Account Isn't Verified!

In order to create a playlist on Sporcle, you need to verify the email address you used during registration. Go to your Sporcle Settings to finish the process.

Report this User

Report this user for behavior that violates our Community Guidelines.

Details: